00715nam a22002177a 450000500170000001000150001702000260003202000230005803500130008103700130009408200130010724501300012025000120025026000440026227000460030630000380035250000190039065000240040965000400043370000240047320140901124310.0 aENG-110684 a9789339204082c675.00 a9339204085c675.00 aEN-94216 bDBAD/PUB a658.4012 aCrafting and executing strategy :cby Arthur A. Thompson...[et al]bthe quest for competitive advantage: concepts and cases / a19th ed aNew DelhibMcGraw Hill Education c2014 aP-24, Green Park Extn.bNew Delhie110016 avarious pagings :c25cm(pbk)bill aIncludes index aStrategic planning. a Strategic planning vCase studies. aThompson, Arthur A.